书目信息 |
| 题名: |
细胞信号转导
|
|
| 作者: | 孙大业 编著 | |
| 分册: | ||
| 出版信息: | 北京 科学出版社 2001 |
|
| 页数: | 382页 | |
| 开本: | 26cm | |
| 丛书名: | ||
| 单 册: | ||
| 中图分类: | Q735 , Q257 | |
| 科图分类: | ||
| 主题词: | 细胞--信号--挂导 , 信号 , 转导 , 细胞 , 细胞生理学 | |
| 电子资源: | ||
| ISBN: | 7-03-009615-0 | |
| 000 | 01011nam0 2200325 450 | |
| 000 | 00965nam0 2200301 450 | |
| 000 | 00898nam0 2200277 450 | |
| 000 | 00861nam0 2200265 45 | |
| 005 | 20070529151103.98 | |
| 010 | @a7-03-009615-0@dCNY48.00 | |
| 100 | @a20070420d2001 em y0chiy0120 ea | |
| 101 | 0 | @achi |
| 102 | @aCN@b110000 | |
| 105 | @ay z 000yy | |
| 200 | 1 | @a细胞信号转导@AXi Bao Xin Hao Zhuan Dao@f孙大业等编著@FSun Da Ye Deng Bian Zhu |
| 205 | @a3版 | |
| 210 | @a北京@c科学出版社@d2001 | |
| 215 | @a382页@d26cm | |
| 300 | @a生命科学专论 | |
| 330 | @a本书介绍细胞信号转导的基础知识和研究进展,包括胞间信号、跨膜信号转导、胞内信使、蛋白质可逆磷酸化及其对基因表达的调控,细胞信号转导途径的多样性、网络化与专一性等内容。 | |
| 606 | 0 | @a细胞@x信号@x挂导 |
| 606 | 0 | @a信号 |
| 606 | 0 | @a转导 |
| 606 | 0 | @a细胞 |
| 606 | 0 | @a细胞生理学 |
| 690 | @aQ735@v4 | |
| 690 | @aQ257@v3 | |
| 701 | 0 | @a孙大业@ASun Da Ye@4编著 |
| 801 | 0 | @aCN@bTAOJIN@c20070529 |
| 905 | @a10447@dQ257@e30=3 | |
| 细胞信号转导/孙大业等编著.-3版.-北京:科学出版社,2001 |
| 382页;26cm |
| 生命科学专论 |
| ISBN 7-03-009615-0:CNY48.00 |
| 本书介绍细胞信号转导的基础知识和研究进展,包括胞间信号、跨膜信号转导、胞内信使、蛋白质可逆磷酸化及其对基因表达的调控,细胞信号转导途径的多样性、网络化与专一性等内容。 |
| ● |
| 相关链接 |
|
|
|
|
正题名:细胞信号转导
索取号:Q257/30=3
 
预约/预借
| 序号 | 登录号 | 条形码 | 馆藏地/架位号 | 状态 | 备注 |
| 1 | 0523297 | 205232979 | 第二样本阅览室/ [索取号:Q257/30=3] | 在馆 | |
| 2 | 0523298 | 205232988 | 第三借阅区/ [索取号:Q257/30=3] | 在馆 | |
| 3 | 0523299 | 205232997 | 第三借阅区/ [索取号:Q257/30=3] | 在馆 | |
| 4 | 0523300 | 205233004 | 第三借阅区/ [索取号:Q257/30=3] | 在馆 | |
| 5 | 0523301 | 205233013 | 第三借阅区/ [索取号:Q257/30=3] | 在馆 | |
| 6 | 0523302 | 205233022 | 第三借阅区/ [索取号:Q257/30=3] | 在馆 | |
| 7 | 0523303 | 205233031 | 第三借阅区/ [索取号:Q257/30=3] | 在馆 | |
| 8 | 0523304 | 205233040 | 第三借阅区/ [索取号:Q257/30=3] | 在馆 |